Modernización y estado de bienestar en España / (Record no. 49408)

MARC details
000 -LEADER
campo de control de longitud fija 01447cam a2200361Ma 4500
001 - NÚMERO DE CONTROL
campo de control 80511
005 - FECHA Y HORA DE LA ÚLTIMA TRANSACCIÓN
campo de control 20230410115848.0
008 - DATOS DE LONGITUD FIJA--INFORMACIÓN GENERAL
campo de control de longitud fija 080206s2007 sp ak b 001 0 spa d
035 ## - NÚMERO DE CONTROL DEL SISTEMA
Número de control de sistema (OCoLC)ocn191879257
040 ## - FUENTE DE CATALOGACIÓN
Centro catalogador/agencia de origen HLS
Centro/agencia transcriptor HLS
Centro/agencia modificador C3L
020 ## - NÚMERO INTERNACIONAL ESTÁNDAR DEL LIBRO
Número Internacional Estándar del Libro 9788432313004
020 ## - NÚMERO INTERNACIONAL ESTÁNDAR DEL LIBRO
Número Internacional Estándar del Libro 8432313009
029 1# - OTRO NÚMERO DE CONTROL DE SISTEMA (OCLC)
Identificador de la biblioteca OCLC C3L
Número de control de sistema 08916404
035 ## - NÚMERO DE CONTROL DEL SISTEMA
Número de control de sistema (OCoLC)191879257
043 ## - CÓDIGO DE ÁREA GEOGRÁFICA
Código de área geográfica e-sp---
050 14 - SIGNATURA TOPOGRÁFICA DE LA BIBLIOTECA DEL CONGRESO
Número de clasificación HN 583.5
Número de ítem E77m 2007
082 00 - NÚMERO DE LA CLASIFICACIÓN DECIMAL DEWEY
Número de clasificación 339
100 1# - ENTRADA PRINCIPAL--NOMBRE DE PERSONA
Nombre de persona Espina, Alvaro.
245 10 - MENCIÓN DEL TÍTULO
Título Modernización y estado de bienestar en España /
Mención de responsabilidad, etc. Alvaro Espina.
260 ## - PUBLICACIÓN, DISTRIBUCIÓN, ETC.
Lugar de publicación, distribución, etc. Madrid :
Nombre del editor, distribuidor, etc. Fundación Carolina / CeALCI :
-- Siglo XXI España Editores,
Fecha de publicación, distribución, etc. 2007.
300 ## - DESCRIPCIÓN FÍSICA
Extensión xxvi, 432 p. :
Otras características físicas ill. forms. ;
Dimensiones 23 cm.
501 ## - NOTA DE CON
Nota de "Con" " El Estado de Bienestar es el resultado del proceso de modernización llevado a cabo en Europa desde finales del siglo XIX, hasta conformar un conjunto de instituciones, derechos y garantías que interactúan con los sistemas político, económico, jurídico y de valores. Es mucho más que un cuadro de políticas públicas"
504 ## - NOTA DE BIBLIOGRAFÍA, ETC.
Nota de bibliografía, etc. Includes bibliographical references (p. 389-429)and index.
651 #0 - PUNTO DE ACCESO ADICIONAL DE MATERIA--NOMBRE GEOGRÁFICO
Nombre geográfico Welfare state
Subdivisión geográfica Spain.
651 #0 - PUNTO DE ACCESO ADICIONAL DE MATERIA--NOMBRE GEOGRÁFICO
Nombre geográfico Spain
Subdivisión general Social policy.
651 #0 - PUNTO DE ACCESO ADICIONAL DE MATERIA--NOMBRE GEOGRÁFICO
Nombre geográfico Spain
Subdivisión general Social conditions
Subdivisión cronológica 1975-
651 #0 - PUNTO DE ACCESO ADICIONAL DE MATERIA--NOMBRE GEOGRÁFICO
Nombre geográfico Spain
Subdivisión general Economic conditions
Subdivisión cronológica 1975-
710 2# - ENTRADA AGREGADA--NOMBRE DE ENTIDAD CORPORATIVA
Nombre de entidad corporativa o nombre de jurisdicción como elemento de entrada Fundación Carolina / CeALCI
938 ## -
-- Casalini Libri
-- CASA
-- 08916404
-- 18.00 EUR
942 ## - ELEMENTOS DE ENTRADA SECUNDARIOS (KOHA)
Fuente del sistema de clasificación o colocación Clasificación de Library of Congress
Tipo de ítem Koha
994 ## -
-- C0
-- DRFGD
946 ## - PROCESAMIENTO DE INFORMACIÓN LOCAL (OCLC)
a sh
Holdings
Estatus retirado Estado de pérdida Fuente del sistema de clasificación o colocación Estado de daño No para préstamo Colección Biblioteca de origen Biblioteca actual Ubicación en estantería Fecha de adquisición Serial enumeration / chronology Signatura topográfica completa Código de barras Visto por última vez Copia número Tipo de ítem Koha
    Clasificación de Library of Congress     Ciencias Sociales Biblioteca Juan Bosch Biblioteca Juan Bosch Ciencias Sociales (3er. Piso) 10/04/2023 1 HN 583.5 E77m 2007 00000072079 24/10/2018 1